Gateway to coreldraw X4 and X5 (Record no. 149163)

MARC details
000 -LEADER
fixed length control field 00613nam a2200241Ia 4500
008 - FIXED-LENGTH DATA ELEMENTS--GENERAL INFORMATION
fixed length control field 210210b2010 xxu||||| |||| 00| 0 eng d
020 ## - INTERNATIONAL STANDARD BOOK NUMBER
International Standard Book Number 9788131011553
041 ## - LANGUAGE CODE
Language code of text/sound track or separate title eng
082 ## - DEWEY DECIMAL CLASSIFICATION NUMBER
Classification number 006.6869 JOHG
100 ## - MAIN ENTRY--PERSONAL NAME
Personal name JOHRI (Shashank)
245 ## - TITLE STATEMENT
Title Gateway to coreldraw X4 and X5
Remainder of title Complete practical based book for students and professionals
260 ## - PUBLICATION, DISTRIBUTION, ETC.
Place of publication, distribution, etc. Delhi
Name of publisher, distributor, etc. Manoj Publications
Date of publication, distribution, etc. 2010
300 ## - PHYSICAL DESCRIPTION
Extent 120
650 ## - SUBJECT ADDED ENTRY--TOPICAL TERM
Topical term or geographic name entry element X5
650 ## - SUBJECT ADDED ENTRY--TOPICAL TERM
Topical term or geographic name entry element X4
650 ## - SUBJECT ADDED ENTRY--TOPICAL TERM
Topical term or geographic name entry element to
650 ## - SUBJECT ADDED ENTRY--TOPICAL TERM
Topical term or geographic name entry element Gateway
650 ## - SUBJECT ADDED ENTRY--TOPICAL TERM
Topical term or geographic name entry element coreldraw
650 ## - SUBJECT ADDED ENTRY--TOPICAL TERM
Topical term or geographic name entry element and
690 ## - LOCAL SUBJECT ADDED ENTRY--TOPICAL TERM (OCLC, RLIN)
Topical term or geographic name as entry element Computer Animation
700 ## - ADDED ENTRY--PERSONAL NAME
Personal name SURANJNA (J)
906 ## - LOCAL DATA ELEMENT F, LDF (RLIN)
a 066699
Holdings
Withdrawn status Lost status Damaged status Not for loan Collection code Home library Current library Shelving location Date acquired Source of acquisition Cost, normal purchase price Total Checkouts Full call number Barcode Date last seen Price effective from Koha item type
          St Aloysius Library St Aloysius Library   02/17/2021 Sapna Book House Pvt Ltd, K S Rao Road, Mangalore-575001 120.00   006.6869 JOHG 066699 02/17/2021 02/17/2021 Book